| 000 | 00980nac a22002531u 4500 | ||
|---|---|---|---|
| 010 | _a 2004011907 | ||
| 020 | _a0077098641 | ||
| 082 | 0 | 0 |
_a005.117 _bB4711 |
| 090 |
_c3796 _d3796 |
||
| 100 | _aBennett, Simon. | ||
| 245 | 1 | 0 |
_aObject-oriented systems analysis and design Using UML / _cSimon Bennett, Steve McRobb, Ray Farmer. |
| 260 |
_aBerkshir, Uk : _bMcGraw-Hill, _cc2002. |
||
| 300 |
_axviii, 612 p. : _b. ill. ; _c29 cm. |
||
| 504 | _aIncludes bibliographical references and index. | ||
| 650 | 0 | _aObject-oriented programming . | |
| 650 | 0 | _aSystem analysis. | |
| 650 | 0 | _aSystem design. | |
| 650 | 0 | _aUML (Computer science) | |
| 700 | 1 | _aMcRobb, Steve. | |
| 700 | 1 | _aFarmer, Ray. | |
| 856 | 4 | 1 |
_3Table of contents _uhttp://www.loc.gov/catdir/toc/ecip0418/2004011907.html |
| 942 |
_cBB _k005.117B4711 |
||
| 999 |
_c3796 _d3796 |
||